00917nam a2200253 a 4500008004100000020004300041040002500084041001300109044001100122080001900133100002400152245012400176250001300300260005100313300003300364500003900397700002600436700002200462700003300484700002700517958000600544999001700550952009600567951121s1989||||[C 0 slo c a8008000139c48 Kčs. q(1500 výtl.) aSNKbslocSNKeAACR21 aslohslo axocSK a372.874(075.8)1 aBanaš, Ján4aut10aDidaktika výtvarnej výchovycJán Banaš ; Štefan Geró, Anton Jusko, Elena Šefránková, Štefan Pavelka a1., vyd. aBratislavabSPNc1989eMartinfTlačiarne SNP a352 s., 36,96 AHbTb.c24 cm aIlustr. na front. a predsádkach.1 aGeró, Štefan4aut1 aJusko, Anton4aut1 aŠefránková, Elena4aut1 aPavelka, Štefan4bkd aA c14937d14937 001040708Ka10000b10000d2019-11-29g48.00i13977oI 0076r2019-11-29w2019-11-29yOLDO